| 000 | 00500nam a2200169 a 4500 | ||
|---|---|---|---|
| 999 |
_c7265 _d7265 |
||
| 020 | _a007039878X (hardcover) | ||
| 020 | _a978-0070398788 (hardcover) | ||
| 082 | _a621.381530422MAL | ||
| 100 | 1 | _aMalvino, Albert Paul. | |
| 245 | 1 | 0 | _aTransistor Circuit Approximations |
| 250 | _a4 Sub ed. | ||
| 260 |
_aIndia : _bMcGraw-Hill Companies, _c1979 |
||
| 300 | _a449 p. ; | ||
| 650 | _aTransistor circuits | ||
| 856 | 4 | 0 | _uhttp://www.amazon.com/exec/obidos/ASIN/0070398984/chopaconline-20 |
| 942 | _cBK | ||